Guess the Country With the Shape and Flag #1 - Statistics

General Stats
  • This quiz has been taken 27 times
  • The average score is 19 of 20
Answer Stats
Picture Answer % Correct
Argentina
100%
Brazil
100%
Mexico
100%
Spain
100%
Australia
96%
Canada
96%
France
96%
Germany
96%
India
96%
Italy
96%
Portugal
96%
Russia
96%
Turkey
96%
UK
96%
Ukraine
96%
Greece
92%
Japan
92%
Norway
88%
Sweden
88%
Colombia
75%
No matching quizzes found
Score Distribution
Percent of People with Each Score
Percentile by Number Answered
Your Score History
You have not taken this quiz